000 00297nam a22001337a 4500
008 170614b xxu||||| |||| 00| 0 eng d
020 _a9780131727656
041 _aeng
080 _a321
100 _a19
101 _aSHP
245 _aUNITED NATIONS POLITICS
_cPUCHALA.D.J
942 _2udc
_cBK
999 _c17290
_d17290